HANDBOOK OF POULTRY DISEASES (Record no. 216167)

MARC details
000 -LEADER
fixed length control field 00519nam a22001817a 4500
008 - FIXED-LENGTH DATA ELEMENTS--GENERAL INFORMATION
fixed length control field 251112b |||||||| |||| 00| 0 eng d
020 ## - INTERNATIONAL STANDARD BOOK NUMBER
International Standard Book Number 979-8-88715-015-4
050 ## - LIBRARY OF CONGRESS CALL NUMBER
Classification number SF 995 .T39 2023
Item number 1
100 ## - MAIN ENTRY--PERSONAL NAME
Personal name TAYLOR, JACK SMITH
245 ## - TITLE STATEMENT
Title HANDBOOK OF POULTRY DISEASES
Remainder of title POULTRY -DISEASES
250 ## - EDITION STATEMENT
Edition statement FIRST ED.
260 ## - PUBLICATION, DISTRIBUTION, ETC.
Place of publication, distribution, etc. DUBIN,OH
Name of publisher, distributor, etc. ORYSON PRESS
Date of publication, distribution, etc. 2023
300 ## - PHYSICAL DESCRIPTION
Extent VI,296P.:ILL.
500 ## - GENERAL NOTE
General note INCLUDES INDEX
650 ## - SUBJECT ADDED ENTRY
Topical term or geographic name entry element POULTRY -DISEASES,VETERNARY MEDICINE
942 ## - ADDED ENTRY ELEMENTS (KOHA)
Source of classification or shelving scheme Library of Congress Classification
Koha item type Long Loan Book
Holdings
Withdrawn status Lost status Source of classification or shelving scheme Damaged status Not for loan Collection Home library Current library Date acquired Inventory number Total checkouts Full call number Barcode Date last seen Copy number Price effective from Koha item type
    Library of Congress Classification     Science & Technology Kisii University Library Kisii University Library 11/12/2025 109709   SF 995 .T39 2023 000000020587 11/12/2025 1 11/12/2025 Long Loan Book
    Library of Congress Classification     Science & Technology Kisii University Library Kisii University Library 11/12/2025 109710   SF 995 .T39 2023 000000020588 11/12/2025 2 11/12/2025 Long Loan Book
    Library of Congress Classification     Science & Technology Kisii University Library Kisii University Library 11/12/2025 109711   SF 995 .T39 2023 000000024792 11/12/2025 3 11/12/2025 Long Loan Book
    Library of Congress Classification     Science & Technology Kisii University Library Kisii University Library 11/12/2025 109712   SF 995 .T39 2023 000000024793 11/12/2025 4 11/12/2025 Long Loan Book